| 000 | 00691cab a2200217 4500 | ||
|---|---|---|---|
| 001 | WB3032-68 | ||
| 008 | 090401t1994 xxu||||| |||| 00| 0 eng d | ||
| 035 | _a(Sirsi) u37048 | ||
| 041 | _aeng | ||
| 245 | _aDeceptive appearances | ||
| 260 | _c1994 | ||
| 350 | _a0 | ||
| 490 |
_aFinancial Times _v2 September 1994, 10(1) |
||
| 520 | _aDiscusses the current anomalies in the Hong Kong commercial property market which has seen a 200% rise in prices but also is starting to see a rise in empty properties. | ||
| 650 | _aPROPERTY-COMMERCIAL PROPERTY | ||
| 650 | _aHONG KONG | ||
| 650 | _aVACANT PROPERTY | ||
| 690 | _aOVERSEAS-REST OF THE WORLD | ||
| 942 | _n0 | ||
| 948 | _c04/03/1997 | ||
| 999 |
_c23974 _d23974 |
||